000
00226 a2200097 4500
001
40956
100
_a
Imam Ghazali
245
_a
Ahga Uloom ud Din (Vol-III)
260
_a
Lahore
_b
maqtiba-i-Rehmania
_c
090
_c
25196
_d
25196
942
_a
NUST-CAE
_c
M
_c
16887
999
_c
276029
_d
276029